1770 1948 1380 1130 1974 1508 1556 1294 1204 1359 1889 1448 1117 1035 1385 1470 1606 1888 1712 1461 1120 1704 1938 1690 1258 1492 1310 1618 1747 1010 1380 1287 1899 1972 1194 1295 1401 1992 1998 1480 1731 1404 1913 1468 1675 1792 1959 1040 1255 1468 1443 1764 1762 1181 1437 1015 1633 1209 1441 1204 1155 1170 1076 1972 1221 1780 1202 1507 1299 1724 1349 1905 1159 1527 1790 1716 1729 1059 1096 1135 1470 1981 1459 1636 1176 1495 1099 1508 1513 1860 1768 1248 1462 1300 1338 1876 1351 1480 1344 BCNSPRNW ULIB Ver.6.0+V

เปลี่ยนเป็นภาษาไทย

Change to English
 แสดงรายละเอียดบรรณานุกรม
  กลับหน้าหลัก

Brief Record : Get Marc (ISO 2709) : E-mail record : QR code < ปิดหน้าต่าง
LEADER : 00000nam 2200000uu 4500
001    13399123224
003     ULIB
008    020711s2553 th a 000 0 tha d
050    LB1027^bส111ค
110    กระทรวงการท่องเที่ยวและกีฬา.^bกรมพลศึกษา.^bสถาบันพัฒนาบุคลากรการพลศึกษาและการกีฬา
245    คู่มือผู้ตัดสินกีฬายูโด/^cสถาบันพัฒนาบุคลากรการพลศึกษาและการกีฬา
260    กรุงเทพฯ :^bโรงพิมพ์สหกรณ์การเกษตรแห่งประเทศไทย,^c2553
300    78 หน้า;^b26 ซม.
650    ยูโด
945    ^p0^l0^i20355
รายการนี้ยังไม่มีแท็ก
คุณยังไม่ได้ล็อกอิน คุณสามารถมีกิจกรรมร่วมกับเว็บไซต์ได้ แต่ต้องล็อกอินก่อน ::
  ล็อกอิน

รายการสื่อสารสนเทศ

ลำดับที่ ประเภท เลขเรียก/บาร์โค้ด สถานที่ สถานะ
1. การศึกษาทั่วไป
การศึกษาทั่วไป
LB1027 ส111ค ฉ.1 
  Barcode: 20355
ห้องสมุดวิทยาเขตนครสวรรค์
►หนังสือทั่วไป:l:General Books
บนชั้น

รายการใกล้เคียง
    หัวเรื่อง [ยูโด]

BibComment


ยังไม่เคยถูกคอมเมนท์

คอมเมนท์ทรัพยากรรายการนี้
  คอมเมนท์: คู่มือผู้ตัดสินกี..


 Copyright 2026. Bcnsprnw @Library